Issues for the seventies : AIESEC Seminar for Student Leaders (Record no. 43352)

MARC details
000 -LEADER
fixed length control field 00722nam a2200229 i 4500
001 - CONTROL NUMBER
control field C2-0139060
003 - CONTROL NUMBER IDENTIFIER
control field PPAK
005 - DATE AND TIME OF LATEST TRANSACTION
control field 20180727124557.0
008 - FIXED-LENGTH DATA ELEMENTS--GENERAL INFORMATION
fixed length control field 971217s my |||| ||||| | eng d
040 ## - CATALOGING SOURCE
Original cataloging agency PPAK
Language of cataloging eng
Transcribing agency PPAK
Description conventions rda
082 04 - DEWEY DECIMAL CLASSIFICATION NUMBER
Classification number 327
Edition number 23
090 00 - LOCALLY ASSIGNED LC-TYPE CALL NUMBER (OCLC); LOCAL CALL NUMBER (RLIN)
Classification number (OCLC) (R) ; Classification number, CALL (RLIN) (NR) 327
Feature heading ISS
Feature heading KIH
Classification number (OCLC) (R) ; Classification number, CALL (RLIN) (NR) 327
Feature heading ISS
Feature heading KSA
245 00 - TITLE STATEMENT
Title Issues for the seventies : AIESEC Seminar for Student Leaders
Remainder of title Continuing dialogue on contemporary affairs
264 #1 - PRODUCTION, PUBLICATION, DISTRIBUTION, MANUFACTURE, AND COPYRIGHT NOTICE
Place of production, publication, distribution, manufacture [Kuala Lumpur] :
Name of producer, publisher, distributor, manufacturer University of Malaya ,
Date of production, publication, distribution, manufacture, or copyright notice [date of publication not identified]
300 ## - PHYSICAL DESCRIPTION
Extent 119 pages ;
Dimensions 21 cm
336 ## - CONTENT TYPE
Source rdacontent
Content type term text
337 ## - MEDIA TYPE
Source rdamedia
Media type term unmediated
338 ## - CARRIER TYPE
Source rdacarrier
Carrier type term volume
650 10 - SUBJECT ADDED ENTRY--TOPICAL TERM
Topical term or geographic name entry element International relations
942 ## - ADDED ENTRY ELEMENTS (KOHA)
-- dc
Koha item type Book
Holdings
Withdrawn Not for loan Current library Shelving location Date acquired Full call number Barcode Date last seen Koha item type
  Not For Loan Perpustakaan Alor Setar Koleksi S.N. Shahnon Ahmad 06/06/1999 KSA 327 ISS A00201752 08/05/2018 Book
  Not For Loan Perpustakaan Alor Setar Koleksi Ismail Hussein 12/07/1999 KIH 327 ISS A00171645 08/05/2018 Book